000 00596nam a2200217Ia 4500
005 20241216010844.0
008 190212s9999||||xx |||||||||||||| ||und||
020 _a84-7738-139-9
082 _a574.191
_bV62
100 _aVICENTE CORDOBA, CARLOS Y OTROS
245 0 _aBIOFISICA
_bCIENCIAS DE LA VIDA
250 _a0
260 _aMADRID - ESPAÑA
_bSINTESIS S. A.
_c1992
300 _a231 pag
_c22 cm
341 _h0
490 _v0
_a0
505 _aACIDOS NUCLEICOS/PROTEINAS/BIOMENBRANAS/RITMOS ENDOGENOS
541 _aC
_d25-Feb-03
_oSoles
650 _aCIENCIAS PURAS
942 _cLIBRO
999 _c25911
_d25911